000 01784camaa22004572i 4500
001 15928065
003 EG-GICUC
005 20260514115854.0
008 090930s2010 njua jr 001 0 eng
010 _a 2009938254
020 _a9780470484708
_qpbk.
020 _a0470484705
_qpbk.
035 _a(OCoLC)310400049
040 _aUKM
_cUKM
_dBTCTA
_dYDXCP
_dORX
_dLD4
_dBWX
_dABG
_dC#P
_dVP@
_dITD
_dDEBBG
_dLIV
_dUKMGB
_dBDX
_dDLC
_dEG-GICUC
_beng
_erda
082 0 4 _a006.78
_221
082 0 4 _a004.678
_221
_bH949
092 0 4 _221
_a004.678
_bH949
099 _a004.678 H949
100 1 _aHurwitz, Hurwitz.
_eAuthor.
245 0 0 _aCloud computing for dummies /
_cby Judith Hurwitz, Robin Bloor, Marcia Kaufman.
264 _aHoboken, NJ :
_bWiley Pub.,
_cc2010.
300 _axxii, 310 pages :
_billustration ;
_c24 cm.
336 _atext
_btxt
_2rdacontent
337 _aunmediated
_bn
_2rdamedia
338 _avolume
_bnc
_2rdacarrier
490 0 _aFor dummies
500 _aIncludes index.
504 _aBibliography: pages 291-310.
520 _aA guide to managing and securing cloud services covers such topics as developing a cloud strategy, managing data, using software as a service, setting standards, and governing the cloud.
541 _aوزارة الثقافة ؛
_bالقاهرة ؛
_cإهداء ؛
_d2023.
650 0 _aCloud computing.
650 0 _aWeb services.
650 0 _aElectronic data processing
_xDistributed processing.
_2qrmak
650 0 7 _aCloud Computing.
_2swd
700 1 _aJudith Hurwitz.
_eAuthor.
700 1 _aRobin Bloor
_eAuthor.
700 1 _aMarcia Kaufman
_eAuthor.
856 4 2 _qtext/html
_uhttp://deposit.d-nb.de/cgi-bin/dokserv?id=3294365&prov=M&dok_var=1&dok_ext=htm
_3Inhaltstext
905 _aSamah
942 _2ddc
_cBK
_e21
_n0
999 _c180148
_d180148